Harry Potter: la Main d’Argent de Peter Pettigrow - Statistiques

Statistiques générales
  • Ce quiz a été pris 44 fois
  • Le résultat moyen est 4 sur 5
Statistiques - réponses
Information Réponses % Correct
Propriétaire Peter Pettigrow
100%
Première apparition Harry Potter et la Coupe de Feu
97%
Dernière apparition Harry Potter et les Reliques de la Mort
97%
Fabricant Voldemort
97%
Date de fabrication 24 juin 1995
31%
Aucun quiz correspondant
Distribution des résultats
% des personnes avec chaque résultat
Percentile par nombre de réponses
Votre historique - résultats
Vous n’avez pas pris ce quiz